| 000 | nam a22 a 4500 | ||
|---|---|---|---|
| 999 |
_c429496 _d429496 |
||
| 003 | BLK | ||
| 005 | 20210823120617.0 | ||
| 008 | 180411b bul|||||r ||||||| ||bul|| | ||
| 040 | _aBLK | ||
| 041 |
_aSER _cDRS |
||
| 080 |
_aСръбска литература _b821.163.41 _x-31 _z821.163.41-31 |
||
| 100 |
_aРанкович, Светолик _eпърви автор _9463008 |
||
| 139 |
_aРанкович, Светолик _bК 82 |
||
| 245 | 1 | 0 |
_aСеоска учителица _cСветолик Ранкович |
| 260 |
_aБеоград _bДржавна штампарjа _c1899 |
||
| 300 |
_c24 см _a209 с. |
||
| 380 | _aX | ||
| 490 |
_9435080 _aКолекция Редки и ценни издания |
||
| 852 |
_aРс 899 _bРц |
||
| 856 | 4 | _qpdf | |
| 856 | 4 | _qpdf | |
| 942 |
_cKNG _n0 _s1 |
||
| 944 |
_aCR _c2021-08-23 _kК.Д. |
||